Globalizace a světové hospodářství

Definícia globalizácie. Prehľad vybraných názorov. Špecifiká súčasného stavu. Klady a zápory globalizácie.

Salvato in:
Dettagli Bibliografici
Autore principale: Žídek, Libor
Natura: Capitolo di libro
Lingua:ceco
Soggetti:
Tags: Aggiungi Tag
Nessun Tag, puoi essere il primo ad aggiungerne!!

MARC

LEADER 00000naa$a2200000$$$4500
001 0107529
005 20231121105242.7
041 0 |a cze 
044 |a CZ 
245 1 0 |a Globalizace a světové hospodářství  |c Libor Žídek 
520 |a Definícia globalizácie. Prehľad vybraných názorov. Špecifiká súčasného stavu. Klady a zápory globalizácie. 
610 2 0 |a globalizácia 
610 2 0 |a politika medzinárodná 
610 2 0 |a definície 
610 2 0 |a hospodárstvo svetové 
610 2 0 |a obchod medzinárodný 
610 2 0 |a internacionalizácia 
100 1 |a Žídek, Libor